<?xml version="1.0" encoding="UTF-8"?>
<collection xmlns="http://www.loc.gov/MARC21/slim">
<record>
  <controlfield tag="001">153067</controlfield>
  <controlfield tag="005">20251017144551.0</controlfield>
  <datafield tag="024" ind1="7" ind2=" ">
    <subfield code="2">doi</subfield>
    <subfield code="a">10.5114/biolsport.2025.145917</subfield>
  </datafield>
  <datafield tag="024" ind1="8" ind2=" ">
    <subfield code="2">sideral</subfield>
    <subfield code="a">143597</subfield>
  </datafield>
  <datafield tag="037" ind1=" " ind2=" ">
    <subfield code="a">ART-2025-143597</subfield>
  </datafield>
  <datafield tag="041" ind1=" " ind2=" ">
    <subfield code="a">eng</subfield>
  </datafield>
  <datafield tag="100" ind1=" " ind2=" ">
    <subfield code="a">Gomes, Leandro Lume</subfield>
  </datafield>
  <datafield tag="245" ind1=" " ind2=" ">
    <subfield code="a">Analysis of the effects of manipulating the space and number of players in small-sided games on the external load demands of futsal athletes in different age categories</subfield>
  </datafield>
  <datafield tag="260" ind1=" " ind2=" ">
    <subfield code="c">2025</subfield>
  </datafield>
  <datafield tag="506" ind1="0" ind2=" ">
    <subfield code="a">Access copy available to the general public</subfield>
    <subfield code="f">Unrestricted</subfield>
  </datafield>
  <datafield tag="520" ind1="3" ind2=" ">
    <subfield code="a">The study aim was to analyse the effects of manipulating the space and number of players in small-sided games on the external load demands of futsal athletes of different age categories. Fifty-six male futsal players from U15, U17, U19, and adult age categories participated. The study lasted 7 weeks. The first week was for familiarization and evaluations to characterize the sample. In the six subsequent weeks there were six futsal tasks T1 (GK + 2×2 + GK, 20×20 m), T2 (GK + 2×2 + GK, 40×20 m), T3 (GK + 3×3 + GK, 20×20 m), T4 (GK + 3×3 + GK, 40×20 m), T5 (GK + 4×4 + GK, 20×20 m), and T6 (GK + 4×4 + GK, 40×20 m). The external load variables were measured with an inertial measurement unit (IMU), and kinematic (total and relative distance) and mechanical (total distance at high intensity accelerations and decelerations) data were extracted. T2 (133 m2) showed higher values for total distance covered (1248.0±97.6 m) and distances covered at speeds between 12.1 and 18 km/h (407.8±44.7 m) and greater than 18.1 km/h (115.2±28.9 m) compared to T5 (40 m2) and T6 (80 m2). In addition, we observed greater variability in high-intensity accelerations and high intensity decelerations, suggesting that regardless of field size and number of players, relative area might not play as crucial a role in this dimension.</subfield>
  </datafield>
  <datafield tag="536" ind1=" " ind2=" ">
    <subfield code="9">info:eu-repo/grantAgreement/ES/UZ/JIUZ-2023-CSJ-02</subfield>
  </datafield>
  <datafield tag="540" ind1=" " ind2=" ">
    <subfield code="9">info:eu-repo/semantics/openAccess</subfield>
    <subfield code="a">by</subfield>
    <subfield code="u">https://creativecommons.org/licenses/by/4.0/deed.es</subfield>
  </datafield>
  <datafield tag="655" ind1=" " ind2="4">
    <subfield code="a">info:eu-repo/semantics/article</subfield>
    <subfield code="v">info:eu-repo/semantics/publishedVersion</subfield>
  </datafield>
  <datafield tag="700" ind1=" " ind2=" ">
    <subfield code="a">Gomes, Sérgio Adriano</subfield>
  </datafield>
  <datafield tag="700" ind1=" " ind2=" ">
    <subfield code="a">Travassos, Bruno</subfield>
  </datafield>
  <datafield tag="700" ind1=" " ind2=" ">
    <subfield code="a">Ribeiro, João Nuno</subfield>
  </datafield>
  <datafield tag="700" ind1=" " ind2=" ">
    <subfield code="a">Asín-Izquierdo, Iván</subfield>
    <subfield code="u">Universidad de Zaragoza</subfield>
    <subfield code="0">(orcid)0000-0002-0541-2050</subfield>
  </datafield>
  <datafield tag="700" ind1=" " ind2=" ">
    <subfield code="a">Castro, Henrique de Oliveira</subfield>
  </datafield>
  <datafield tag="700" ind1=" " ind2=" ">
    <subfield code="a">Ferreira, Carlos Ernesto Santos</subfield>
  </datafield>
  <datafield tag="710" ind1="2" ind2=" ">
    <subfield code="1">3001</subfield>
    <subfield code="2">187</subfield>
    <subfield code="a">Universidad de Zaragoza</subfield>
    <subfield code="b">Dpto. Expres.Music.Plást.Corp.</subfield>
    <subfield code="c">Área Didáctica Expres.Corporal</subfield>
  </datafield>
  <datafield tag="773" ind1=" " ind2=" ">
    <subfield code="g">42, 3 (2025), 29-36</subfield>
    <subfield code="p">Biol. Sport</subfield>
    <subfield code="t">BIOLOGY OF SPORT</subfield>
    <subfield code="x">0860-021X</subfield>
  </datafield>
  <datafield tag="856" ind1="4" ind2=" ">
    <subfield code="s">927064</subfield>
    <subfield code="u">http://zaguan.unizar.es/record/153067/files/texto_completo.pdf</subfield>
    <subfield code="y">Versión publicada</subfield>
  </datafield>
  <datafield tag="856" ind1="4" ind2=" ">
    <subfield code="s">2892852</subfield>
    <subfield code="u">http://zaguan.unizar.es/record/153067/files/texto_completo.jpg?subformat=icon</subfield>
    <subfield code="x">icon</subfield>
    <subfield code="y">Versión publicada</subfield>
  </datafield>
  <datafield tag="909" ind1="C" ind2="O">
    <subfield code="o">oai:zaguan.unizar.es:153067</subfield>
    <subfield code="p">articulos</subfield>
    <subfield code="p">driver</subfield>
  </datafield>
  <datafield tag="951" ind1=" " ind2=" ">
    <subfield code="a">2025-10-17-14:11:56</subfield>
  </datafield>
  <datafield tag="980" ind1=" " ind2=" ">
    <subfield code="a">ARTICLE</subfield>
  </datafield>
</record>
</collection>